Small Business Management (Record no. 3976)

MARC details
000 -LEADER
fixed length control field 00336nam a22001337a 4500
008 - FIXED-LENGTH DATA ELEMENTS--GENERAL INFORMATION
fixed length control field 250626b |||||||| |||| 00| 0 eng d
020 ## - INTERNATIONAL STANDARD BOOK NUMBER
ISBN 0176073248
100 ## - MAIN ENTRY--AUTHOR
Author LONGER-RECKER, Justin G.
245 ## - TITLE STATEMENT
Title Small Business Management
260 ## - PUBLICATION, DISTRIBUTION, ETC. (IMPRINT)
Place of publication Toronto
Name of publisher I.T.P. Nelson
Date of publication 1998
300 ## - COLLATION
Pagination xvii,733p.
942 ## - ADDED ENTRY ELEMENTS (KOHA)
Item type Books
050 ## - LIBRARY OF CONGRESS CALL NUMBER
Classification number HD62.7
Item number .S63
Holdings
Source of classification or shelving scheme Not for loan Permanent location Current location Date acquired Accession No. Full call number Barcode. Koha item type
Library of Congress Classification   Samuel Ogbemudia Main Library, University of Abuja Samuel Ogbemudia Main Library, University of Abuja 06/26/2025 2017-49975 HD62.7.S63 2025-2684 Books